|
|
|
|
| LEADER |
00929nam a2200205Ia 4500 |
| 001 |
TDMU_31232 |
| 008 |
210410s9999 xx 000 0 und d |
| 082 |
|
|
|a 373.068
|
| 090 |
|
|
|b NG527
|
| 100 |
|
|
|a Nguyễn, Viết Thông
|
| 245 |
|
0 |
|a Giáo trình những nguyên lý cơ bản của chủ nghĩa Mác - Lênin
|
| 245 |
|
0 |
|b Dành cho sinh viên đại học, cao đẳng khối không chuyên ngành Mác - Lênin, tư tưởng Hồ Chí Minh
|
| 245 |
|
0 |
|c Phạm Văn Sinh, Phạm Văn Quang
|
| 260 |
|
|
|a H.
|
| 260 |
|
|
|b Chính trị quốc gia - Sự thật
|
| 260 |
|
|
|c 2017
|
| 300 |
|
|
|a 491tr
|
| 650 |
|
|
|a Chủ nghĩa Mác - Lênin Nguyên lý
|v Giáo trình; Chủ nghĩa cộng sản Nguyên lý
|v Giáo trình
|
| 856 |
|
|
|u http://lrc.tdmu.edu.vn/opac/search/detail.asp?aID=2&ID=31232
|
| 980 |
|
|
|a Trung tâm Học liệu Trường Đại học Thủ Dầu Một
|